000
00272nam a2200109Ia 4500
008
200302s9999 xx 000 0 und d
100
_a
Robyn Beaver
245
_a
A Pocketful of Houses
260
_b
The Images Publishing Group Pvt. Ltd.
260
_c
2006
300
_a
271 P.,
999
_c
3074
_d
3074